[Event "POLFINALY MISTRZOSTW POLSKI JUNIOROW 2021 C-13"]
[Site "Jatrzebia Gora"]
[Date "1899-12-30"]
[Round "8.11"]
[White "Nowak, Maciej"]
[Black "Stanik, Szymon"]
[Result "1-0"]
[WhiteTitle "II"]
[BlackTitle "II"]
[WhiteElo "1338"]
[BlackElo "1372"]

1. d4 d5 2. c4 e6 3. Nc3 h6 4. Nf3 Nf6 5. Bf4 Bd6 6. Bg3 a6 7. e3 O-O 8. Bd3 b6
9. Qb3 Bxg3 10. hxg3 dxc4 11. Bxc4 Bb7 12. Rc1 Nbd7 13. a4 c5 14. d5 exd5 15.
Bxd5 Bxd5 16. Nxd5 Nxd5 17. Qxd5 Nf6 18. Qxd8 Rfxd8 19. Ke2 Nd5 20. Rhd1 a5 21.
Ne5 Nb4 22. Nc4 Rxd1 23. Rxd1 Rb8 24. Rd6 b5 25. Rb6 Rxb6 26. Nxb6 bxa4 27. Nxa4
Kf8 28. Nxc5 Ke7 29. Kd2 Nc6 30. Kc3 Kd6 31. Kc4 Kc7 32. Kb5 Kd6 33. Nb7+ Kd5
34. Nxa5 Ne5 35. b4 Nd3 36. f3 Ne1 37. Ka6 Nxg2 38. b5 1-0

[Event "POLFINALY MISTRZOSTW POLSKI JUNIOROW 2021 C-13"]
[Site "Jatrzebia Gora"]
[Date "1899-12-30"]
[Round "8.12"]
[White "Pachura, Mateusz"]
[Black "Nowakowski, Maksymilian"]
[Result "0-1"]
[WhiteTitle "III"]
[BlackTitle "II"]
[WhiteElo "1107"]
[BlackElo "1368"]

1. e4 e6 2. d4 d5 3. Nc3 dxe4 4. Nxe4 Nd7 5. Nf3 Ngf6 6. Ng3 c5 7. Bd3 b6 8. O-O
Bb7 9. Re1 Be7 10. Bf4 O-O 11. Qe2 Nd5 12. Bd2 Bf6 13. Qe4 g6 14. c4 Nb4 15. Qxb7
Nxd3 16. Re3 cxd4 17. Nxd4 Bxd4 18. Rxd3 Nc5 19. Qxa8 Qxa8 20. Rxd4 Rd8 21. Bc3
Rxd4 22. Bxd4 Qd8 23. Be3 Qd3 24. Rc1 Na4 25. b3 Nc3 26. Kh1 Nxa2 27. Re1 f5 28.
Bh6 Kf7 29. h4 Qxb3 30. Bg5 Nc3 31. Kh2 Qxc4 32. Rc1 b5 33. Rc2 h6 34. Bd8 Qd3
35. Rc1 Qxd8 36. Rxc3 Qxh4+ 37. Kg1 Qd4 38. Rc7+ Kf6 39. Rc6 b4 40. Rc1 b3 41.
Ne2 Qd2 42. Kf1 a5 43. f3 a4 44. Re1 b2 45. g4 Qxe1+ 0-1

[Event "POLFINALY MISTRZOSTW POLSKI JUNIOROW 2021 C-13"]
[Site "Jatrzebia Gora"]
[Date "1899-12-30"]
[Round "8.13"]
[White "Spytek, Hubert"]
[Black "Wieckowski, Igor"]
[Result "1/2-1/2"]
[WhiteTitle "II"]
[BlackTitle "II"]
[WhiteElo "1220"]
[BlackElo "1140"]

1. d4 Nf6 2. Bf4 c5 3. c3 d5 4. e3 Nc6 5. Nf3 Qb6 6. Qb3 c4 7. Qxb6 axb6 8. Nbd2
Bf5 9. Be2 e6 10. a3 Na5 11. Rc1 Rc8 12. Nh4 Bg6 13. Nxg6 hxg6 14. h3 Be7 15.
Bd1 b5 16. Bf3 Nh5 17. Bh2 Bg5 18. Be2 O-O 19. O-O Be7 20. e4 dxe4 21. Nxe4 Nb3
22. Rc2 Nf6 23. Bf3 Nd5 24. Nd2 Na5 25. Bxd5 exd5 26. Nf3 Rfe8 27. Re1 Nc6 28.
Rce2 f6 29. Nh4 Kf7 30. Nf3 Kf8 31. Nh4 1/2-1/2

[Event "POLFINALY MISTRZOSTW POLSKI JUNIOROW 2021 C-13"]
[Site "Jatrzebia Gora"]
[Date "1899-12-30"]
[Round "8.14"]
[White "Filipczyk, Michal"]
[Black "Spionkowski, Fabian"]
[Result "1-0"]
[WhiteTitle "II"]
[BlackTitle "I+"]
[WhiteElo "1136"]
[BlackElo "1687"]

1. d4 Nf6 2. c4 c5 3. d5 e6 4. Nc3 exd5 5. Nxd5 Nxd5 6. Qxd5 Nc6 7. Nf3 Be7 8.
Bf4 d6 9. e4 Be6 10. Qd2 O-O 11. Be2 Qd7 12. O-O Bg4 13. e5 Bxf3 14. Bxf3 Nd4
15. Bd5 Rad8 16. Rfe1 dxe5 17. Bxe5 Nc6 18. Bc3 Rfe8 19. Rad1 Qf5 20. Qe3 Bf8
21. Qf3 Qxf3 22. Bxf3 Rxe1+ 23. Rxe1 Nd4 24. Bxb7 g6 25. h3 Bg7 26. Kh2 Ne6 27.
Bxg7 Kxg7 28. Bd5 Nf4 29. Re7 Nxd5 30. cxd5 Rxd5 31. Rxa7 Rd2 32. Rb7 Rxf2 33.
a4 Rf4 34. b3 c4 35. Rb4 Kf6 36. Rxc4 Rxc4 37. bxc4 Ke5 38. Kg3 Kd4 39. a5 Kc5
40. Kf4 Kc6 41. Ke5 f5 42. Kf6 Kb7 43. c5 Ka6 44. c6 Ka7 45. Kg5 Ka6 46. Kh6 Ka7
47. Kxh7 g5 48. Kg6 g4 49. Kxf5 gxh3 50. gxh3 Ka6 51. Ke6 Ka7 52. c7 Kb7 53. Kd7
Ka7 54. h4 Ka6 55. c8=Q+ Kxa5 56. Qb8 Ka4 57. Qb2 Ka5 58. Qb3 Ka6 59. Kc6 Ka5
60. Qb5# 1-0

[Event "POLFINALY MISTRZOSTW POLSKI JUNIOROW 2021 C-13"]
[Site "Jatrzebia Gora"]
[Date "1899-12-30"]
[Round "8.15"]
[White "Owczarz, Michal"]
[Black "Kempinski, Szymon"]
[Result "1/2-1/2"]
[WhiteTitle "II"]
[BlackTitle "II"]
[WhiteElo "1180"]
[BlackElo "1103"]

1. e4 c5 2. Nf3 Nc6 3. d4 cxd4 4. Nxd4 g6 5. Nc3 Bg7 6. Be3 Nf6 7. Bc4 O-O 8. O-O
Ne5 9. Bb3 Neg4 10. Bf4 e5 11. Bxe5 Nxe5 12. f4 Neg4 13. Qf3 Qb6 14. Rad1 h5 15.
e5 Ne8 16. h3 Nh6 17. Kh1 d6 18. e6 fxe6 19. Bxe6+ Bxe6 20. Nxe6 Rf6 21. Nd5 Qxb2
22. Nxf6+ Bxf6 23. Rb1 Qc3 24. Qxc3 Bxc3 25. Rxb7 Nf5 26. Rf2 Nd4 27. Nxd4 Bxd4
28. Re2 Bb6 29. g4 hxg4 30. hxg4 Nc7 31. Kg2 Rf8 32. Re7 Rxf4 33. Rbxc7 Bxc7 34.
Rxc7 Rxg4+ 35. Kf3 Ra4 36. Rc6 Rxa2 37. Rxd6 Kh7 38. Rc6 a5 39. Ra6 Rxc2 40. Rxa5
Kh6 41. Kg3 Rc4 42. Kg2 g5 43. Kg1 Kh5 44. Ra1 Kg4 45. Rb1 Kh3 46. Rb3+ Kh4 47.
Rb1 g4 48. Ra1 Rc3 49. Rd1 Kg3 50. Rb1 Kf3 51. Ra1 g3 52. Rb1 1/2-1/2

[Event "POLFINALY MISTRZOSTW POLSKI JUNIOROW 2021 C-13"]
[Site "Jatrzebia Gora"]
[Date "1899-12-30"]
[Round "8.17"]
[White "Trusewicz, Jakub"]
[Black "Kolendo, Tymon"]
[Result "1-0"]
[WhiteTitle "II"]
[BlackTitle "III"]
[WhiteElo "1222"]
[BlackElo "1086"]

1. e4 e6 2. d4 d5 3. Nc3 Bb4 4. exd5 exd5 5. Bd3 Nf6 6. Bg5 O-O 7. Nge2 c6 8. O-O
Bg4 9. f3 Bc8 10. a3 Bd6 11. Qe1 Re8 12. Qf2 Nbd7 13. Rae1 Qc7 14. Kh1 b6 15.
Bf5 h6 16. Bh4 Nh5 17. Bg4 Nhf6 18. b4 Ba6 19. Rd1 Bc4 20. Bf5 Nh5 21. Bd3 Bxd3
22. Rxd3 g5 23. Bg3 Nxg3+ 24. Nxg3 Bxg3 25. hxg3 Re6 26. f4 g4 27. f5 Rf6 28.
b5 Re8 29. Re3 Rxe3 30. Qxe3 Kg7 31. Rf4 h5 32. Rf1 Rh6 33. Qg5+ Kh7 34. Re1 Nf6
35. bxc6 Qxg3 36. Re7 Qxc3 37. Rxf7+ Kh8 38. Qg7# 1-0

[Event "POLFINALY MISTRZOSTW POLSKI JUNIOROW 2021 C-13"]
[Site "Jatrzebia Gora"]
[Date "1899-12-30"]
[Round "8.18"]
[White "Krzastek, Adrian"]
[Black "Weber, Dorian"]
[Result "1-0"]
[WhiteTitle "II"]
[BlackTitle "III"]
[WhiteElo "1220"]
[BlackElo "1002"]

1. e4 e6 2. d3 d5 3. Nd2 Nf6 4. g3 Be7 5. Bg2 Nc6 6. Ngf3 O-O 7. O-O Re8 8. Re1
dxe4 9. dxe4 Qd7 10. b3 a5 11. Bb2 a4 12. Qe2 Nb4 13. Nc4 Qb5 14. Nd4 Qa6 15.
a3 Nc6 16. Nxc6 Qxc6 17. e5 Nd5 18. Ne3 Qb6 19. Bxd5 exd5 20. Nxd5 Qc6 21. Nxe7+
Rxe7 22. b4 Bh3 23. f3 Bf5 24. c4 Rae8 25. Rac1 f6 26. Qf2 fxe5 27. Re3 e4 28.
g4 exf3 29. Rxe7 Rxe7 30. gxf5 Re2 31. Qd4 f2+ 32. Kf1 Re1+ 33. Kxf2 Re2+ 34.
Kxe2 Qg2+ 35. Kd3 Qf3+ 36. Qe3 Qxf5+ 37. Kd2 Kf7 38. Re1 Qd7+ 39. Kc3 Kg6 40.
Qe6+ Qxe6 41. Rxe6+ Kf7 42. Re3 Kf8 43. Kd4 Kf7 44. Kd5 Kf8 45. Bd4 c5 46. Bxc5+
Kf7 47. Re6 b6 48. Bxb6 g5 49. c5 g4 50. c6 g3 51. c7 gxh2 52. Re1 h1=Q+ 53. Rxh1
h5 54. c8=Q h4 55. Qe6+ Kg7 56. Rg1+ Kh7 57. Qg6+ Kh8 58. Bc5 h3 59. Be3 h2 60.
Bd4# 1-0

[Event "POLFINALY MISTRZOSTW POLSKI JUNIOROW 2021 C-13"]
[Site "Jatrzebia Gora"]
[Date "1899-12-30"]
[Round "8.19"]
[White "Leoniuk, Jan"]
[Black "Mejer, Blazej"]
[Result "1-0"]
[WhiteTitle "II"]
[BlackTitle "III"]
[WhiteElo "1212"]
[BlackElo "1024"]

1. e4 c5 2. Nf3 d6 3. d4 cxd4 4. Nxd4 Nf6 5. Nc3 g6 6. Be3 Bg7 7. f3 O-O 8. Qd2
Nc6 9. O-O-O Bd7 10. Kb1 Rc8 11. g4 Qa5 12. Nxc6 Bxc6 13. Nd5 Qxd2 14. Nxe7+ Kh8
15. Rxd2 Rc7 16. Nxc6 Rxc6 17. Bb5 Rc7 18. Rxd6 Rfc8 19. c3 Ne8 20. Bxe8 Rxe8
21. Bxa7 Ra8 22. Bd4 b5 23. Bxg7+ Kxg7 24. Rb6 Ra5 25. Rd1 Rca7 26. a3 Rc7 27.
Rd5 Rc4 28. Rbxb5 Ra7 29. Kc2 Rc6 30. Ra5 Rac7 31. Rd3 Kf6 32. h4 Ke6 33. Rd4
1-0

[Event "POLFINALY MISTRZOSTW POLSKI JUNIOROW 2021 C-13"]
[Site "Jatrzebia Gora"]
[Date "1899-12-30"]
[Round "8.20"]
[White "Renn, Grzegorz"]
[Black "Kozik, Maksymilian"]
[Result "1-0"]
[WhiteTitle "II"]
[BlackTitle "II"]
[WhiteElo "1125"]
[BlackElo "1201"]

1. e4 e5 2. Nf3 Nf6 3. Nxe5 d6 4. Nf3 Nxe4 5. c3 Be7 6. Qa4+ Nc6 7. Qxe4 O-O 8.
Bd3 f5 9. Bc4+ Kh8 10. Qc2 Bf6 11. O-O d5 12. Be2 a6 13. d4 Re8 14. Bd3 Ne7 15.
Bg5 Bxg5 16. Nxg5 Kg8 17. Nd2 h6 18. Ngf3 g5 19. Rfe1 Kg7 20. Re2 Rf8 21. Ne5
f4 22. Rae1 Qd6 23. Nec4 dxc4 24. Rxe7+ 1-0

[Event "POLFINALY MISTRZOSTW POLSKI JUNIOROW 2021 C-13"]
[Site "Jatrzebia Gora"]
[Date "1899-12-30"]
[Round "8.21"]
[White "Sambor, Piotr"]
[Black "Krasniewski, Grzegorz"]
[Result "0-1"]
[WhiteTitle "II"]
[BlackTitle "III"]
[WhiteElo "1107"]
[BlackElo "1075"]

1. e4 c5 2. Nf3 e6 3. c3 d5 4. exd5 Qxd5 5. d4 Nf6 6. Be3 cxd4 7. Bxd4 Be7 8. Nbd2
Nc6 9. Be3 O-O 10. Bc4 Qd6 11. O-O Qc7 12. Qc2 Ne5 13. Nxe5 Qxe5 14. Nf3 Qh5 15.
h3 e5 16. Rad1 Bxh3 17. Bxf7+ Rxf7 18. Ng5 Bxg2 19. Kxg2 Rff8 20. Rh1 Qg4+ 21.
Kf1 h6 22. Qb3+ Kh8 23. Qc2 Bc5 24. Bxc5 Qxg5 25. Rg1 Qh4 26. Bxf8 Rxf8 27. Qg6
Ng4 28. Ke2 Qxf2+ 29. Kd3 e4+ 30. Qxe4 Qxg1 31. Rxg1 Nf2+ 32. Ke3 Nxe4 33. Kxe4
Rf2 34. b4 Rxa2 35. Kd5 b5 36. Kc5 a6 37. Kb6 g5 38. Kc5 Kg7 39. Kd5 Kg6 40. Ke4
h5 41. Kf3 Rc2 42. Rd1 Rxc3+ 43. Kg2 Kf5 44. Rd5+ Kf4 45. Rd8 Rc2+ 46. Kf1 Kg3
47. Rf8 h4 0-1

[Event "POLFINALY MISTRZOSTW POLSKI JUNIOROW 2021 C-13"]
[Site "Jatrzebia Gora"]
[Date "1899-12-30"]
[Round "9.1"]
[White "Warchol, Kamil"]
[Black "Nocek, Dominik"]
[Result "1-0"]
[WhiteTitle "CM"]
[BlackTitle "II"]
[WhiteElo "1976"]
[BlackElo "1428"]

1. e4 e5 2. Nc3 Nf6 3. g3 d5 4. exd5 Nxd5 5. Bg2 Be6 6. Nf3 Nc6 7. O-O Be7 8. Re1
Bf6 9. Nxd5 Bxd5 10. d4 Bxf3 11. Bxf3 Nxd4 12. Bxb7 Rb8 13. Be4 O-O 14. c3 Ne6
15. Qc2 g6 16. Be3 c5 17. Rad1 Qb6 18. b3 Rfd8 19. Bd5 Nc7 20. Qe4 Qa5 21. Bc4
Qb6 22. Qf3 Kg7 23. h4 h6 24. b4 Na6 25. a4 e4 26. Qf4 Bxc3 27. Qxf7+ Kh8 28.
Bxh6 Nxb4 29. Rxd8+ Rxd8 30. Bg5 Rb8 31. Rxe4 Nc6 32. Re8+ Rxe8 33. Qxe8+ 1-0

[Event "POLFINALY MISTRZOSTW POLSKI JUNIOROW 2021 C-13"]
[Site "Jatrzebia Gora"]
[Date "1899-12-30"]
[Round "9.2"]
[White "Wasiluk, Mateusz"]
[Black "Dobosiewicz, Dawid"]
[Result "1/2-1/2"]
[WhiteTitle "II"]
[BlackTitle "I"]
[WhiteElo "1263"]
[BlackElo "1678"]

1. e4 c5 2. Nf3 e6 3. g3 d5 4. exd5 exd5 5. Bg2 Nf6 6. O-O Be7 7. d4 c4 8. b3 b5
9. a4 O-O 10. axb5 cxb3 11. cxb3 Bd7 12. Nc3 Bb4 13. Na2 Bd6 14. Bg5 Bxb5 15.
Re1 h6 16. Bxf6 Qxf6 17. Nc3 Bc6 18. Ne5 Bxe5 19. dxe5 Qg6 20. Nxd5 Re8 21. Nc7
Bxg2 22. Kxg2 Qc6+ 23. Qf3 Qxc7 24. Qxa8 Rf8 25. Qxa7 Qc6+ 26. Kg1 Qe6 27. Qe3
Na6 28. Rad1 Nb4 29. Rd6 Qf5 30. Qe4 Qxe4 31. Rxe4 Rb8 32. Red4 Kh7 33. f4 Nc2
34. Rc4 Na3 35. Rc3 Nb5 36. Rcd3 Nxd6 37. exd6 Kg6 38. d7 Rd8 39. Kf2 Kf6 40.
Kf3 Ke6 41. Ke4 f5+ 42. Ke3 Ke7 43. Rd5 Ke6 44. Kd4 g5 45. Kc5 gxf4 46. gxf4 h5
47. Rd6+ Ke7 48. Kc6 h4 49. Kc7 h3 50. Re6+ Kxe6 51. Kxd8 Kd6 52. Ke8 Ke6 53.
d8=Q Ke5 1/2-1/2

[Event "POLFINALY MISTRZOSTW POLSKI JUNIOROW 2021 C-13"]
[Site "Jatrzebia Gora"]
[Date "1899-12-30"]
[Round "9.3"]
[White "Uhryn, Mateusz"]
[Black "Kowalski, Witold"]
[Result "1/2-1/2"]
[WhiteTitle "I"]
[BlackTitle "II+"]
[WhiteElo "1393"]
[BlackElo "1480"]

1. d4 Nf6 2. c4 e6 3. Nf3 b6 4. g3 Bb7 5. Bg2 Be7 6. O-O O-O 7. Nc3 Ne4 8. Nxe4
Bxe4 9. Bd2 c5 10. Bc3 d6 11. Ne1 Bxg2 12. Nxg2 Bf6 13. Rc1 Nc6 14. dxc5 Bxc3
15. Rxc3 dxc5 16. Nh4 Qe7 17. Qa4 Ne5 18. Nf3 Nxf3+ 19. Rxf3 Rfd8 20. Rd1 Rxd1+
21. Qxd1 Rd8 22. Rd3 Rxd3 23. Qxd3 h6 24. h4 Qf6 25. Qd2 Qe7 26. Qd3 Qf6 27. Qd2
Qe7 28. Qd3 Qf6 29. Qd2 1/2-1/2

[Event "POLFINALY MISTRZOSTW POLSKI JUNIOROW 2021 C-13"]
[Site "Jatrzebia Gora"]
[Date "1899-12-30"]
[Round "9.4"]
[White "Sawicki, Dorian"]
[Black "Wandor, Adam"]
[Result "0-1"]
[WhiteTitle "I"]
[BlackTitle "II"]
[WhiteElo "1550"]
[BlackElo "1373"]

1. d4 c5 2. e3 cxd4 3. exd4 d5 4. Nf3 Nc6 5. c3 g6 6. Bf4 Bg7 7. Na3 a6 8. Bd3
Nf6 9. h3 O-O 10. O-O Bf5 11. Nc2 Kh8 12. Ne3 e6 13. Nxf5 gxf5 14. Ne5 Nxe5 15.
Bxe5 Rg8 16. Kh1 Ne4 17. Bxg7+ Rxg7 18. Bxe4 fxe4 19. Qh5 Qb6 20. Rab1 Rag8 21.
Rg1 Qc7 22. Qh4 Qc4 23. a3 Qe2 24. Qf6 Qh5 25. f3 exf3 26. Qxf3 Qxf3 27. gxf3
Rg3 28. Rxg3 Rxg3 29. Rf1 Rxh3+ 30. Kg2 Rh6 31. b3 Rg6+ 32. Kf2 b5 33. a4 bxa4
34. bxa4 Rg8 35. Rb1 Rc8 36. Rb6 Rxc3 37. Rxa6 Rd3 38. Ra8+ Kg7 39. a5 Rxd4 40.
a6 Ra4 41. a7 Kf6 42. Ke3 h5 43. Kf2 h4 44. Ke3 Kf5 45. Kf2 Ra2+ 46. Kg1 Kf4 47.
Kh1 Kxf3 48. Kg1 Ke3 49. Kf1 h3 50. Kg1 d4 51. Kh1 d3 0-1

[Event "POLFINALY MISTRZOSTW POLSKI JUNIOROW 2021 C-13"]
[Site "Jatrzebia Gora"]
[Date "1899-12-30"]
[Round "9.5"]
[White "Gawlik, Olivier"]
[Black "Nagly, Wojciech"]
[Result "1-0"]
[WhiteTitle "II"]
[BlackTitle "II"]
[WhiteElo "1183"]
[BlackElo "1432"]

1. e4 c5 2. Nf3 e6 3. c3 d5 4. exd5 exd5 5. Bb5+ Nc6 6. O-O Bd6 7. Re1+ Nge7 8.
d4 O-O 9. h3 Qb6 10. Bxc6 Nxc6 11. Qb3 Qxb3 12. axb3 cxd4 13. Nxd4 Bc5 14. Nxc6
bxc6 15. b4 Bb6 16. Be3 Bf5 17. Bc5 Bxc5 18. bxc5 Bxb1 19. Rexb1 f6 20. Ra6 Rfc8
21. Rba1 Rc7 22. b4 Kf7 23. f4 Ke7 24. Kf2 Kd7 25. R1a2 Rb7 26. f5 Rc7 27. g4
h6 28. Kf3 Rb7 29. Re2 Rd8 30. Re6 Rc7 31. Rd6+ Kc8 32. Rdxc6 Rxc6 33. Rxc6+ Kb7
34. Re6 d4 35. cxd4 Rxd4 36. Re7+ Kb8 37. Re4 Rd3+ 38. Re3 Rd7 39. Re8+ Kc7 40.
b5 Rf7 41. Ra8 Kb7 42. Re8 a5 43. bxa6+ Kxa6 44. Re6+ Kb5 45. c6 Kc5 46. Kg3 Kd5
47. Kh4 Kc5 48. Kh5 Kb6 49. Kg6 Rc7 50. Rd6 Kc5 51. Rd7 Rxc6 52. Rxg7 Kd5 53.
Rh7 Ke4 54. Rxh6 Ke5 55. Rh7 Rc8 56. Rg7 Rh8 57. Rh7 Rg8+ 58. Kh5 Kf4 59. Rh6
Rg5+ 60. Kh4 Rg8 61. Rh7 Kf3 62. Kh5 Kg3 63. Kh6 Kxh3 64. Rg7 Rh8+ 65. Kg6 Kxg4
66. Kxf6+ Kf4 67. Kg6 Ke5 68. f6 Ke6 69. Re7+ Kd6 70. Re3 Rh1 71. Kf7 Rf1 72.
Rd3+ Kc7 73. Kg7 Rg1+ 74. Kf8 Rf1 75. f7 Rf2 76. Rg3 Kd7 77. Kg7 Ke7 78. Re3+
Kd7 79. f8=Q Rg2+ 80. Kh8 Rh2+ 81. Kg8 Rg2+ 82. Qg7+ Rxg7+ 83. Kxg7 Kd6 84. Kf7
Kd5 85. Kf6 Kd4 86. Re8 Kd5 87. Re6 Kd4 88. Kf5 Kd5 89. Re1 Kd4 90. Re2 Kd3 91.
Re4 Kd2 92. Ke5 Kd3 93. Kf4 Kd2 94. Re3 Kc2 95. Ke4 Kd2 96. Kd4 Kc2 97. Rd3 Kb2
98. Rc3 Ka2 99. Kc4 Kb2 100. Kb4 Ka2 101. Rc2+ Ka1 102. Kb3 Kb1 103. Rc8 Ka1 104.
Rc1# 1-0

[Event "POLFINALY MISTRZOSTW POLSKI JUNIOROW 2021 C-13"]
[Site "Jatrzebia Gora"]
[Date "1899-12-30"]
[Round "9.6"]
[White "Wilgosz, Szczepan"]
[Black "Zmuda, Tomasz"]
[Result "0-1"]
[WhiteTitle "II"]
[BlackTitle "II"]
[WhiteElo "1297"]
[BlackElo "1343"]

1. e4 c5 2. Nf3 Nc6 3. d4 cxd4 4. Nxd4 Qb6 5. Nb3 Nf6 6. Nc3 e6 7. Qe2 Bb4 8. Bd2
O-O 9. a3 Be7 10. O-O-O Qc7 11. f4 d6 12. g4 a6 13. g5 Ne8 14. h4 b5 15. g6 h6
16. gxf7+ Rxf7 17. Bh3 b4 18. axb4 Nxb4 19. Kb1 a5 20. Nd4 e5 21. Be6 exd4 22.
Bxf7+ Kxf7 23. Qh5+ Kf8 24. e5 a4 25. Qg6 a3 26. bxa3 dxc3 27. e6 Bf6 28. Bxc3
Rxa3 29. Bxf6 Qxc2+ 30. Qxc2 Nxc2 31. Bb2 Bxe6 32. Kxc2 Rf3 33. Rdf1 Bf5+ 34.
Kc1 Rg3 35. Rf2 Nf6 36. Bxf6 gxf6 37. Rhh2 Be4 38. Kd2 Ke7 39. Re2 f5 40. Ref2
Kf6 41. Rf1 Ra3 42. Rff2 d5 43. Re2 Kg6 44. h5+ Kf6 45. Ke1 d4 46. Ra2 Rc3 47.
Ra6+ Ke7 48. Ra7+ Kd6 49. Ra6+ Kc5 50. Rxh6 Rc1+ 51. Kf2 Rc2+ 52. Kg3 d3 53. Ra6
d2 54. Ra1 Rc1 55. Ra5+ Kb4 56. Rxd2 Kxa5 57. h6 Rg1+ 58. Kh4 Rg4+ 59. Kh5 Bf3
60. Rf2 Bd5 61. h7 Bf7+ 62. Kh6 Rg6+ 63. Kh5 Rg2+ 64. Kh6 Rxf2 65. Kg7 Rh2 66.
Kxf7 Rxh7+ 67. Kg6 Ra7 68. Kxf5 Kb6 69. Ke6 Kc6 70. f5 Ra1 71. f6 Re1+ 72. Kf7
Kd7 73. Kg7 Ke6 74. f7 Rg1+ 75. Kf8 Rf1 76. Kg8 Rxf7 77. Kh8 Ra7 78. Kg8 Kf6 79.
Kh8 Kg6 80. Kg8 Ra8# 0-1

[Event "POLFINALY MISTRZOSTW POLSKI JUNIOROW 2021 C-13"]
[Site "Jatrzebia Gora"]
[Date "1899-12-30"]
[Round "9.7"]
[White "Bartnik, Michal"]
[Black "Przedlacki, Wiktor"]
[Result "1/2-1/2"]
[WhiteTitle "II+"]
[BlackTitle "III"]
[WhiteElo "1595"]
[BlackElo "1176"]

1. e4 c5 2. Nf3 d6 3. d4 cxd4 4. Nxd4 Nf6 5. Nc3 a6 6. Bc4 e6 7. O-O Be7 8. Qf3
O-O 9. Qg3 Kh8 10. Bb3 Bd7 11. Be3 Nc6 12. f4 Ne8 13. Rad1 Nxd4 14. Bxd4 Bh4 15.
Qe3 Bc6 16. e5 Be7 17. Ne4 Qc7 18. exd6 Nxd6 19. Nxd6 Bxd6 20. Bxg7+ Kxg7 21.
Qd4+ Kg6 22. Qxd6 Qxd6 23. Rxd6 Kf5 24. g3 h5 25. Bc4 h4 26. Bd3+ Be4 27. Bxe4+
Kxe4 28. Re1+ Kf3 29. Rd3+ Kg4 30. Kg2 Rac8 31. c3 Rfd8 32. h3+ Kf5 33. Re5+ Kf6
34. Ree3 hxg3 35. Kxg3 Kf5 36. Kf3 f6 37. b3 e5 38. fxe5 fxe5 39. Rxd8 Rxd8 40.
Ke2 Rg8 41. Rf3+ Ke4 42. Re3+ Kf4 43. Rf3+ Ke4 44. Re3+ Kf4 45. Rf3+ Ke4 46. Kf2
Rd8 47. Re3+ Kf4 48. Rf3+ Ke4 49. Ke2 Rg8 50. Kf2 Rd8 51. Re3+ Kf4 52. Rf3+ Ke4
53. Ke2 Rg8 54. c4 Kd4 55. Rd3+ Ke4 56. Re3+ Kd4 57. Rd3+ Ke4 58. Re3+ Kd4 59.
Kf3 Rf8+ 60. Ke2 Rg8 61. Rf3 Ke4 62. Rf2 Rh8 63. Rf3 Rg8 64. h4 Rh8 65. Rh3 Kf4
66. h5 Kg4 67. Rh1 Rxh5 68. Rxh5 Kxh5 69. Ke3 Kg5 70. Ke4 Kf6 71. c5 Ke6 72. b4
Kd7 73. Kxe5 Kc6 74. Kd4 Kb5 75. Kc3 a5 76. a3 axb4+ 77. axb4 b6 78. Kd4 bxc5+
79. bxc5 Kc6 80. Kc4 Kc7 81. Kd5 Kd7 82. c6+ Kc7 83. Kc5 Kc8 84. Kb6 Kb8 85. Kb5
Kc7 86. Kc5 Kc8 87. Kd5 Kc7 88. Kc5 Kc8 89. Kb6 Kb8 90. c7+ Kc8 91. Kc6 1/2-1/2

[Event "POLFINALY MISTRZOSTW POLSKI JUNIOROW 2021 C-13"]
[Site "Jatrzebia Gora"]
[Date "1899-12-30"]
[Round "9.8"]
[White "Jasiulewicz, Dawid"]
[Black "Nowak, Maciej"]
[Result "0-1"]
[WhiteTitle "I"]
[BlackTitle "II"]
[WhiteElo "1654"]
[BlackElo "1338"]

1. d4 Nf6 2. Nf3 e6 3. c4 d5 4. Nc3 c6 5. e3 Be7 6. Bd3 Nbd7 7. O-O b6 8. e4 dxe4
9. Nxe4 Bb7 10. Re1 Nxe4 11. Bxe4 Nf6 12. Bc2 Qc7 13. Ne5 O-O 14. Bg5 Rad8 15.
Qd3 g6 16. Bh6 Rfe8 17. Qe3 Bf8 18. Bf4 Qe7 19. Red1 Nh5 20. Ba4 Rc8 21. Rac1
Qb4 22. Bb3 Bg7 23. a3 Qe7 24. Bg3 Red8 25. Ba2 c5 26. dxc5 Nxg3 27. hxg3 Rxc5
28. Nd3 Rh5 29. Nf4 Bh6 30. g4 Rh4 31. f3 Rxd1+ 32. Rxd1 e5 33. g3 Rh3 34. Kg2
Bxf4 35. gxf4 Rxf3 36. Qxf3 Bxf3+ 37. Kxf3 exf4 38. Kxf4 Qf6+ 39. Ke3 Qxb2 40.
Bb1 Qxa3+ 41. Bd3 Qe7+ 42. Kf2 a5 43. Re1 Qh4+ 44. Ke2 Qxg4+ 45. Kd2 h5 46. Re4
Qg3 47. Re3 Qf4 48. Ke2 a4 49. Be4 a3 50. Bd5 a2 51. Ra3 a1=Q 52. Bxf7+ Kxf7 53.
c5 Qxa3 54. c6 Qae3+ 55. Kd1 Qd2# 0-1

[Event "POLFINALY MISTRZOSTW POLSKI JUNIOROW 2021 C-13"]
[Site "Jatrzebia Gora"]
[Date "1899-12-30"]
[Round "9.9"]
[White "Nowakowski, Maksymilian"]
[Black "Leszczewicz, Karol"]
[Result "1/2-1/2"]
[WhiteTitle "II"]
[BlackTitle "II+"]
[WhiteElo "1368"]
[BlackElo "1393"]

1. Nf3 Nf6 2. d4 e6 3. h3 b6 4. Bf4 Bb7 5. e3 Be7 6. Nbd2 O-O 7. c3 d5 8. Bd3 Nbd7
9. O-O c5 10. Rc1 Rc8 11. Re1 Re8 12. Qe2 Nf8 13. e4 Ng6 14. Bh2 dxe4 15. Nxe4
Nd5 16. Rcd1 cxd4 17. Nxd4 Ndf4 18. Qe3 Bg5 19. Qg3 Nxd3 20. Qxd3 e5 21. Nb5 Qxd3
22. Rxd3 Bxe4 23. Rxe4 Rcd8 24. Rxd8 Rxd8 25. Kf1 f6 26. f3 Bf4 27. g3 Bc1 28.
Re2 Ne7 29. Bg1 Rd3 30. Kg2 Rd7 31. Rc2 1/2-1/2

[Event "POLFINALY MISTRZOSTW POLSKI JUNIOROW 2021 C-13"]
[Site "Jatrzebia Gora"]
[Date "1899-12-30"]
[Round "9.10"]
[White "Maciaga, Jan"]
[Black "Filipczyk, Michal"]
[Result "1/2-1/2"]
[WhiteTitle "II"]
[BlackTitle "II"]
[WhiteElo "1375"]
[BlackElo "1136"]

1. c4 e5 2. e3 Nf6 3. Nc3 Nc6 4. Nf3 Be7 5. d4 exd4 6. exd4 d5 7. Be2 Bb4 8. O-O
O-O 9. a3 Bxc3 10. bxc3 dxc4 11. Bxc4 Ne7 12. Qb3 c6 13. Ne5 Ned5 14. a4 Qb6 15.
Qc2 Be6 16. Bd3 Rad8 17. Ba3 Rfe8 18. Rab1 Qc7 19. h3 Nf4 20. Rfe1 Nxd3 21. Qxd3
Bc8 22. f4 Nd5 23. f5 Nb4 24. Bxb4 Rxe5 25. Rxe5 Qxe5 26. dxe5 Rxd3 27. Rf1 b6
28. Be7 h6 29. f6 g5 30. c4 Rc3 31. Rd1 Be6 32. Rd8+ Kh7 33. Ra8 a5 34. Ra6 Rxc4
35. Rxb6 Bd5 36. Rb8 Rxa4 37. g4 Bf3 38. Bf8 h5 39. gxh5 Bxh5 40. Bg7 Kg6 41.
Rh8 Bf3 42. Rf8 Bd5 43. Re8 Ra2 44. Bf8 a4 45. Ra8 Bb3 46. Ra6 Rc2 47. Bd6 c5
48. Ra5 c4 49. Bb4 c3 50. Rc5 Rc1+ 51. Kf2 c2 52. Ba3 Ra1 53. Bb2 Ra2 54. Bc1
a3 55. e6 fxe6 56. Rxg5+ Kxf6 57. Rg3 Kf7 58. Rxb3 Ra1 59. Be3 a2 60. Ra3 Rh1
61. Rxa2 Rh2+ 62. Kf3 c1=Q 63. Rxh2 Qc6+ 64. Kg3 Qd6+ 65. Kg2 Qd5+ 66. Kg3 Qe5+
67. Bf4 Qg7+ 68. Kf3 Qf6 69. Kg3 Qg6+ 70. Kf3 Qf5 71. Ke3 e5 72. Bg3 Qg5+ 73.
Kf2 Qd2+ 74. Kf1 Qe3 75. Rf2+ Ke6 76. Kg2 e4 77. h4 Qd3 78. Rf1 e3 79. Re1 Qe4+
80. Kh3 Qf3 81. Kh2 e2 82. h5 Qxh5+ 83. Kg2 Qg4 84. Kf2 Kf6 85. Rxe2 Qf5+ 86.
Kg2 Qg4 87. Rf2+ Kg5 88. Rf4 Qe2+ 89. Rf2 Qe4+ 90. Kh2 Qd3 91. Rf4 Qe2+ 92. Rf2
Qh5+ 93. Kg2 Qg4 94. Rf4 Qe2+ 95. Rf2 Qe4+ 96. Kh2 Qh7+ 97. Kg2 Kg4 98. Rf4+ Kg5
99. Rf2 Qb7+ 100. Kh2 Qd5 101. Rf4 Qd2+ 102. Rf2 Qe3 103. Bf4+ 1/2-1/2

[Event "POLFINALY MISTRZOSTW POLSKI JUNIOROW 2021 C-13"]
[Site "Jatrzebia Gora"]
[Date "1899-12-30"]
[Round "9.11"]
[White "Nagly, Krzysztof"]
[Black "Jaszczuk, Piotr"]
[Result "1-0"]
[WhiteTitle "II"]
[BlackTitle "II"]
[WhiteElo "1328"]
[BlackElo "1344"]

1. e4 c5 2. Nf3 e6 3. c3 Nc6 4. d4 d5 5. exd5 exd5 6. Bb5 Bd6 7. O-O Nge7 8. dxc5
Bxc5 9. Re1 O-O 10. Bd3 Bg4 11. Bxh7+ Kh8 12. Bc2 Ng6 13. Be3 Bxe3 14. Rxe3 Re8
15. Rxe8+ Qxe8 16. Nbd2 Qe7 17. Bxg6 fxg6 18. Qa4 Bxf3 19. Nxf3 Re8 20. h3 Ne5
21. Nxe5 Qxe5 22. Qxa7 Qc7 23. Qd4 Qc6 24. Rd1 Re2 25. Rd2 Re1+ 26. Kh2 Qd6+ 27.
g3 Re5 28. c4 Rf5 29. cxd5 Kg8 30. Qc4 Rf8 31. b4 Rd8 32. Qc5 Qf6 33. d6 Kh7 34.
d7 Qe6 35. Qc7 Qe7 36. Qxb7 Qe1 37. Qd5 1-0

[Event "POLFINALY MISTRZOSTW POLSKI JUNIOROW 2021 C-13"]
[Site "Jatrzebia Gora"]
[Date "1899-12-30"]
[Round "9.12"]
[White "Wieckowski, Igor"]
[Black "Saletra, Wiktor"]
[Result "1/2-1/2"]
[WhiteTitle "II"]
[BlackTitle "II"]
[WhiteElo "1140"]
[BlackElo "1082"]

1. c4 e6 2. Nc3 d5 3. cxd5 exd5 4. d4 Nf6 5. g3 c6 6. Bg2 Bf5 7. e3 Bd6 8. Nge2
O-O 9. O-O Nbd7 10. a3 a5 11. b3 Re8 12. Bb2 Qe7 13. Rc1 Bxa3 14. Bxa3 Qxa3 15.
h4 Qd6 16. Nf4 Nf8 17. Na4 Ne6 18. Nxe6 Qxe6 19. Nc5 Qc8 20. Qd2 Nd7 21. Ra1 Qc7
22. Ra2 Nxc5 23. dxc5 Ra7 24. Rfa1 Rea8 25. Ra4 b6 26. cxb6 Qxb6 27. b4 axb4 28.
Rxa7 Rxa7 29. Rxa7 Qxa7 30. Qxb4 h6 31. Qd6 Qd7 32. Qb8+ Kh7 33. Kh2 c5 34. Qe5
d4 35. e4 Be6 36. Bf1 c4 37. f4 f6 38. Qc5 d3 39. f5 Bf7 40. Qg1 c3 41. Bh3 Qd6
42. Qd1 Bb3 43. Qxb3 c2 44. Qf7 Qe5 45. Qc4 Qa1 46. Qf7 Qa8 47. Qc4 Qa1 1/2-1/2